La empresa familiar ante el derecho el empresario individual y la sociedad de carácter familiar
Na minha lista:
| Main Authors: | , , , , , , , , , |
|---|---|
| Formato: | Livro |
| Idioma: | espanhol |
| Publicado em: |
Madrid
Civitas
1995
|
| Assuntos: | |
| Tags: |
Adicionar Tag
Sem tags, seja o primeiro a adicionar uma tag!
|
MARC
| LEADER | 00000nam a2200000 a 4500 | ||
|---|---|---|---|
| 001 | UCS6187 | ||
| 003 | CL-VaPUC | ||
| 008 | 970912e19950000SP |||||||||||||||||spa|d | ||
| 082 | 0 | 4 | |a 658.041 |b DRA |2 21 |
| 100 | 0 | |a Drake y Drake, Ramón |e author |9 391697 | |
| 700 | 0 | |a Fernández Tresguerres García, Ana |e author |9 391698 | |
| 700 | |a García Cantero, Gabriel |e author |9 431073 | ||
| 700 | |a Gallo, Miguel Ángel |e author |9 415631 | ||
| 700 | |a Garrido de Palma, Víctor Manuel |e author |9 495960 | ||
| 700 | 0 | |a González Meneses Robles, Manuel |e author |9 391702 | |
| 700 | 0 | |a Martín Romero, Juan Carlos |e author |9 391703 | |
| 700 | 0 | |a Martínez Emperador, Rafael |e author |9 391704 | |
| 700 | 0 | |a Otero Lastres, José Manuel |e author |9 391705 | |
| 700 | 0 | |a Pérez Tabernero Población, José Juan |e author |9 391706 | |
| 245 | 1 | 3 | |a La empresa familiar ante el derecho el empresario individual y la sociedad de carácter familiar |
| 300 | |a 353 p | ||
| 942 | |c BK | ||
| 945 | |d 19970912 00:00:00 |a jquezada | ||
| 260 | |a Madrid |b Civitas |c 1995 | ||
| 650 | 7 | |a SOCIEDADES DE RESPONSABILIDAD LIMITADA |2 CL-VaPUC |9 330760 | |
| 650 | 0 | |a Administración de empresas |9 260833 | |
| 583 | |a last modification |c 19970912 00:00:00 |k Rodrigo Vera | ||
| 999 | |c 262139 |d 262137 | ||
| 952 | |0 0 |1 0 |4 0 |6 658_041000000000000_DRA_1995 |7 0 |8 A |9 290347 |a BIBDER |b BIBDER |d 2019-11-19 |i 3350274 |l 1 |o 658.041 DRA 1995 |p 3350274 |r 2023-10-11 |s 2023-10-04 |w 2019-11-19 |y BK |k DER | ||